Zaváhanie po dobrom vykročení 28. majstrovstvá Európy basketbalistiek 14.-23.9.2001

Bibliographic Details
Main Author: Grosmann, Tomáš (Author)
Format: Article
Language:Slovak
Subjects:

MARC

LEADER 00000nab a2200000 a 4500
001 vtls000768165
003 SK-MaSNL
005 20260302153131.0
008 180206c2001 xo 0 slo
015 |a SNBRB2001/09-26936 
035 |a CLN000119952 
040 |a SNKBUCL  |b slo  |c SNKBUCL  |e AACR2 
041 0 |a slo 
044 |a xo  |c SK 
080 |a 796.323.093.1(4)  |2 UDC-MRF-SK2 
100 1 |a Grosmann, Tomáš  |4 aut  |9 5355 
245 1 0 |a Zaváhanie po dobrom vykročení  |b 28. majstrovstvá Európy basketbalistiek 14.-23.9.2001  |c Tomáš Grosmann 
611 1 7 |a Majstrovstvá Európy basketbalistiek  |n (28. :  |d 2001 :  |c Francúzsko)  |2 snkbucl  |9 847668 
650 0 7 |a basketbal  |x ženy  |x Slovensko-Česko  |2 snkbucl  |9 847669 
655 7 |a články z novín a časopisov  |2 snkbucl  |9 267496 
773 0 |x 0139-7001  |t Šport  |g Roč. 55, č. 213 (17.9.2001), s. 2 
850 |a Slovenská národná knižnica v Martine 
852 |a SNK  |b KIS3GCP 
958 |a RBX 
999 |c 1364513  |d 1366443